[Event "San Francisco TNM Summer op"]
[Site "San Francisco"]
[Date "2014.07.08"]
[Round "7"]
[White "Lee, Andy C"]
[Black "Manvelyan, Hayk"]
[Result "1/2-1/2"]
[WhiteElo "2320"]
[BlackElo "2349"]
[PlyCount "116"]
[EventDate "2014.05.27"]
[EventType "swiss"]
[EventRounds "8"]
[EventCountry "USA"]
[SourceTitle "EXT 2016"]
[Source "ChessBase"]
[SourceDate "2015.10.08"]
[SourceVersion "1"]
[SourceVersionDate "2015.10.08"]
[SourceQuality "1"]

1. e4 e6 2. d4 d5 3. Nc3 Bb4 4. e5 c5 5. a3 Bxc3+ 6. bxc3 Ne7 7. a4 Qa5 8. Qd2 Nbc6 9. Nf3 Bd7 10. Bd3 c4 11. Be2 0-0-0 12. Ng5 Rdf8 13. Ba3 h6 14. Nh3 g5 15. 0-0 Rfg8 16. Bh5 Be8 17. f3 f5 18. exf6 Bxh5 19. fxe7 Qc7 20. Qe1 Bf7 21. Qg3 Qxg3 22. hxg3 Kd7 23. f4 g4 24. Nf2 h5 25. Nd1 h4 26. Kf2 Bg6 27. Ne3 Be4 28. Rfe1 h3 29. Nxc4 Bxg2 30. Nd2 Nxe7 31. Bxe7 Kxe7 32. a5 Kf6 33. Reb1 Rh7 34. Kg1 Rc8 35. Ra3 Rhc7 36. Rbb3 Kf5 37. Kh2 Rc6 38. Kg1 R8c7 39. Kh2 b5 40. axb6 axb6 41. Kg1 b5 42. Nb1 Be4 43. Ra2 e5 44. dxe5 d4 45. Kh2 dxc3 46. Rxb5 Rc5 47. Rb6 Bf3 48. Ra4 R5c6 49. Rxc6 Rxc6 50. Ra3 Rc4 51. Ra6 Bd5 52. Rd6 Rd4 53. Rf6+ Ke4 54. Nxc3+ Kf3 55. Nxd5 Rd2+ 56. Kh1 Rd1+ 57. Kh2 Rd2+ 58. Kh1 Rd1+ 1/2-1/2

[Event "San Francisco TNM Summer op"]
[Site "San Francisco"]
[Date "2014.06.24"]
[Round "5"]
[White "Manvelyan, Hayk"]
[Black "Shakhnazarov, Oleg"]
[Result "1-0"]
[WhiteElo "2349"]
[BlackElo "2193"]
[PlyCount "95"]
[EventDate "2014.05.27"]
[EventType "swiss"]
[EventRounds "8"]
[EventCountry "USA"]
[SourceTitle "EXT 2016"]
[Source "ChessBase"]
[SourceDate "2015.10.08"]
[SourceVersion "1"]
[SourceVersionDate "2015.10.08"]
[SourceQuality "1"]

1. d4 Nf6 2. c4 e6 3. Nc3 d5 4. Nf3 Nbd7 5. Bf4 c6 6. e3 Be7 7. c5 Nh5 8. Bd3 Nxf4 9. exf4 f5 10. 0-0 0-0 11. Re1 Nf6 12. Ne5 Ne4 13. Na4 Qc7 14. f3 Nf6 15. b4 Nh5 16. g3 b6 17. Qc2 b5 18. Nb2 Bf6 19. a4 Bxe5 20. Rxe5 bxa4 21. Rxa4 Bd7 22. Ba6 Rae8 23. Nd3 g6 24. Re1 Rb8 25. Ne5 Be8 26. Rea1 Qd8 27. Qd2 Qc7 28. Bf1 Rb7 29. Qa2 Qd8 30. Qd2 Qb8 31. Ba6 Rg7 32. Ra5 h6 33. b5 cxb5 34. c6 g5 35. fxg5 Rxg5 36. Rxb5 Qd8 37. f4 Rg7 38. Rb7 Bf7 39. Kf2 Nf6 40. Bd3 Ng4+ 41. Nxg4 fxg4 42. Raxa7 Qd6 43. Qc2 Rc8 44. Qc5 Qd8 45. c7 Qf6 46. Rb8 Bg6 47. Rxc8+ Kh7 48. Rf8 1-0

[Event "San Francisco TNM Summer op"]
[Site "San Francisco"]
[Date "2014.06.17"]
[Round "4"]
[White "Manvelyan, Hayk"]
[Black "Niemann, Hans Moke"]
[Result "1/2-1/2"]
[WhiteElo "2349"]
[BlackElo "2097"]
[PlyCount "40"]
[EventDate "2014.05.27"]
[EventType "swiss"]
[EventRounds "8"]
[EventCountry "USA"]
[SourceTitle "EXT 2016"]
[Source "ChessBase"]
[SourceDate "2015.10.08"]
[SourceVersion "1"]
[SourceVersionDate "2015.10.08"]
[SourceQuality "1"]

1. c4 e5 2. Nc3 Nf6 3. g3 Nc6 4. Bg2 Bc5 5. e3 0-0 6. Nge2 d6 7. d4 Bb6 8. 0-0 Bf5 9. a3 a5 10. Na4 Ba7 11. d5 Ne7 12. b4 c6 13. Nec3 cxd5 14. cxd5 Rc8 15. Qe2 e4 16. Qb5 axb4 17. axb4 Qc7 18. Bd2 Bd7 19. Qe2 Bg4 20. Qb5 Bd7 1/2-1/2

[Event "Las Vegas National op"]
[Site "Las Vegas"]
[Date "2014.06.13"]
[Round "2"]
[White "Kamsky, Gata"]
[Black "Manvelyan, Hayk"]
[Result "1-0"]
[WhiteElo "2712"]
[BlackElo "2251"]
[PlyCount "57"]
[EventDate "2014.06.13"]
[EventType "swiss"]
[EventRounds "6"]
[EventCountry "USA"]
[SourceTitle "CBM 160 Extra"]
[Source "ChessBase"]
[SourceDate "2014.07.01"]
[SourceVersion "1"]
[SourceVersionDate "2014.07.01"]
[SourceQuality "1"]

1. e4 e5 2. Nf3 Nc6 3. Bb5 g6 4. 0-0 Bg7 5. c3 Nge7 6. d4 exd4 7. cxd4 d5 8. Bxc6+ bxc6 9. e5 0-0 10. h3 f6 11. exf6 Bxf6 12. Bh6 Re8 13. Nc3 Nf5 14. Bf4 Rb8 15. Qa4 Rxb2 16. Rfe1 Bd7 17. Qxa7 Nd6 18. Ne5 Be7 19. Rab1 Rc2 20. Rec1 Rxc1+ 21. Rxc1 Bg5 22. Ne2 Bxh3 23. Rxc6 Bxg2 24. Rxc7 Qf6 25. Ng4 Qf5 26. Rg7+ Kf8 27. Bxd6+ Be7 28. Bxe7+ Kxg7 29. Bf6+ 1-0

[Event "San Francisco TNM Spring op"]
[Site "San Francisco"]
[Date "2014.04.22"]
[Round "6"]
[White "Niemann, Hans Moke"]
[Black "Manvelyan, Hayk"]
[Result "0-1"]
[WhiteElo "2054"]
[BlackElo "2354"]
[PlyCount "87"]
[EventDate "2014.03.18"]
[EventType "swiss"]
[EventRounds "8"]
[EventCountry "USA"]
[SourceTitle "EXT 2016"]
[Source "ChessBase"]
[SourceDate "2015.10.08"]
[SourceVersion "1"]
[SourceVersionDate "2015.10.08"]
[SourceQuality "1"]

1. e4 g6 2. d4 Bg7 3. Nc3 d6 4. Nf3 Nd7 5. Bc4 e6 6. Bg5 Ne7 7. Qd2 h6 8. Be3 a6 9. a4 d5 10. Bb3 dxe4 11. Nxe4 Nf5 12. 0-0-0 0-0 13. h4 Nxe3 14. Qxe3 Qe7 15. Ne5 Nxe5 16. dxe5 Bxe5 17. Qxh6 Bg7 18. Qe3 b5 19. h5 bxa4 20. h6 Bxb2+ 21. Kxb2 axb3 22. h7+ Kh8 23. cxb3 Bb7 24. Nc5 Qf6+ 25. Ka2 Bc6 26. f3 a5 27. Rd4 Rfd8 28. Rf4 Qg7 29. g4 Rd5 30. Re1 Rad8 31. Re2 Rd1 32. Rb2 R8d5 33. g5 Rh1 34. Rc4 Rdd1 35. b4 Ra1+ 36. Kb3 a4+ 37. Kc2 Rh2+ 38. Kd3 Qxb2 39. Rc3 Qxc3+ 40. Kxc3 Ra3+ 41. Kd4 Rxe3 42. Kxe3 a3 43. Kd3 a2 44. Nb3 0-1

[Event "San Francisco TNM Spring op"]
[Site "San Francisco"]
[Date "2014.04.15"]
[Round "5"]
[White "Manvelyan, Hayk"]
[Black "Winslow, Elliott C"]
[Result "0-1"]
[WhiteElo "2354"]
[BlackElo "2250"]
[PlyCount "40"]
[EventDate "2014.03.18"]
[EventType "swiss"]
[EventRounds "8"]
[EventCountry "USA"]
[SourceTitle "EXT 2016"]
[Source "ChessBase"]
[SourceDate "2015.10.08"]
[SourceVersion "1"]
[SourceVersionDate "2015.10.08"]
[SourceQuality "1"]

1. d4 Nf6 2. c4 e6 3. Nc3 c5 4. d5 exd5 5. cxd5 d6 6. Nf3 g6 7. Nd2 Bg7 8. Nc4 0-0 9. Bg5 Na6 10. e3 Nc7 11. a4 b6 12. Qf3 Qe7 13. Be2 Rd8 14. h4 h6 15. Bf4 Bg4 16. Qg3 Bxe2 17. Nxe2 Ne4 18. Qf3 Nxd5 19. Rd1 Nb4 20. Nxd6 Rab8 0-1

[Event "San Francisco TNM Winter op"]
[Site "San Francisco"]
[Date "2014.02.25"]
[Round "8"]
[White "Gaffagan, Steven"]
[Black "Manvelyan, Hayk"]
[Result "1/2-1/2"]
[WhiteElo "2068"]
[BlackElo "2357"]
[PlyCount "128"]
[EventDate "2014.01.07"]
[EventType "swiss"]
[EventRounds "8"]
[EventCountry "USA"]
[SourceTitle "EXT 2016"]
[Source "ChessBase"]
[SourceDate "2015.10.08"]
[SourceVersion "1"]
[SourceVersionDate "2015.10.08"]
[SourceQuality "1"]

1. d4 Nf6 2. c4 d6 3. Nc3 Nbd7 4. Nf3 e5 5. g3 c6 6. Bg2 Be7 7. 0-0 0-0 8. Qc2 Qc7 9. e4 Re8 10. h3 a5 11. Be3 exd4 12. Nxd4 Bf8 13. Rac1 Nc5 14. b3 g6 15. Rfe1 Bg7 16. Rcd1 Be6 17. f4 Rad8 18. Bf2 Bc8 19. Re2 Re7 20. Rde1 Rde8 21. a3 Bd7 22. b4 axb4 23. axb4 Na6 24. Qb3 Qc8 25. g4 h5 26. g5 Nh7 27. Na4 Nxb4 28. Nb6 Qd8 29. Qxb4 c5 30. Qb2 cxd4 31. Bxd4 Bxd4+ 32. Qxd4 Bc6 33. Qb2 Nf8 34. Nd5 Bxd5 35. cxd5 Qa5 36. Qd4 Nd7 37. Ra1 Qc5 38. Rd1 b5 39. Kh2 b4 40. h4 Qxd4 41. Rxd4 b3 42. Rb4 Nc5 43. Rb2 Nd3 44. R2xb3 Nxb4 45. Rxb4 Ra7 46. Kg3 Ra2 47. Rb6 Rc8 48. Rb3 Rca8 49. Bf3 R8a3 50. Rxa3 Rxa3 51. f5 Kf8 52. Kf4 Ra4 53. Bd1 Rb4 54. Bf3 Ke8 55. f6 Kd7 56. Bg2 Kc7 57. Bh3 Rb7 58. Ke3 Kb6 59. Kf4 Kc5 60. Be6 Kd4 61. Bh3 Rc7 62. Be6 Rb7 63. Bh3 Rc7 64. Be6 Rb7 1/2-1/2

[Event "Bay Area op"]
[Site "Santa Clara"]
[Date "2014.01.07"]
[Round "8"]
[White "Manvelyan, Hayk"]
[Black "Viswanadha, Kesav"]
[Result "1/2-1/2"]
[WhiteElo "2282"]
[BlackElo "2153"]
[PlyCount "77"]
[EventDate "2014.01.02"]
[EventType "swiss"]
[EventRounds "9"]
[EventCountry "USA"]
[SourceTitle "CBM 158 Extra"]
[Source "ChessBase"]
[SourceDate "2014.02.28"]
[SourceVersion "1"]
[SourceVersionDate "2014.02.28"]
[SourceQuality "1"]

1. d4 Nf6 2. c4 e6 3. g3 d5 4. Bg2 dxc4 5. Qa4+ Nbd7 6. Nf3 a6 7. Qxc4 b5 8. Qc2 Bb7 9. Nc3 c5 10. 0-0 Rc8 11. Qd1 cxd4 12. Nxd4 Bxg2 13. Kxg2 Be7 14. Bg5 b4 15. Na4 Qa5 16. Nf3 h6 17. Bxf6 Nxf6 18. Qb3 0-0 19. Rac1 Ne4 20. Rfd1 Bf6 21. Rc2 Ng5 22. Nxg5 hxg5 23. Rdc1 Rxc2 24. Rxc2 Be7 25. Rc6 Qb5 26. Qc2 Rd8 27. b3 a5 28. Nb2 g6 29. Qc4 Qe5 30. Qc2 Kg7 31. Nd3 Qf5 32. Qc4 g4 33. Rb6 e5 34. Rb7 Rd4 35. Qc6 Rd6 36. Qc4 Rd4 37. Qc6 Rd6 38. Qc4 Rxd3 39. Qc6 1/2-1/2

[Event "Bay Area op"]
[Site "Santa Clara"]
[Date "2014.01.06"]
[Round "7"]
[White "Beilin, Allan"]
[Black "Manvelyan, Hayk"]
[Result "1/2-1/2"]
[WhiteElo "2054"]
[BlackElo "2282"]
[PlyCount "64"]
[EventDate "2014.01.02"]
[EventType "swiss"]
[EventRounds "9"]
[EventCountry "USA"]
[SourceTitle "CBM 158 Extra"]
[Source "ChessBase"]
[SourceDate "2014.02.28"]
[SourceVersion "1"]
[SourceVersionDate "2014.02.28"]
[SourceQuality "1"]

1. c4 Nf6 2. g3 d6 3. Bg2 Nbd7 4. Nc3 c6 5. Nf3 e5 6. d3 Be7 7. 0-0 0-0 8. Rb1 a5 9. a3 Qc7 10. Nd2 Nb6 11. e4 Bg4 12. f3 Be6 13. f4 exf4 14. gxf4 Ng4 15. Nf3 d5 16. h3 dxe4 17. Nxe4 Nh6 18. Nd4 Bf5 19. Be3 Bxe4 20. Bxe4 Rad8 21. Qh5 Nd7 22. b4 axb4 23. axb4 Nf6 24. Qf3 Nxe4 25. dxe4 Ra8 26. c5 Ra2 27. Ra1 Rfa8 28. Rxa2 Rxa2 29. Rf2 Ra1+ 30. Rf1 Ra2 31. Rf2 Ra1+ 32. Rf1 Ra2 1/2-1/2

[Event "Bay Area op"]
[Site "Santa Clara"]
[Date "2014.01.04"]
[Round "4"]
[White "Anderson, Michael Gene"]
[Black "Manvelyan, Hayk"]
[Result "0-1"]
[WhiteElo "1886"]
[BlackElo "2282"]
[PlyCount "54"]
[EventDate "2014.01.02"]
[EventType "swiss"]
[EventRounds "9"]
[EventCountry "USA"]
[SourceTitle "CBM 158 Extra"]
[Source "ChessBase"]
[SourceDate "2014.02.28"]
[SourceVersion "1"]
[SourceVersionDate "2014.02.28"]
[SourceQuality "1"]

1. e4 c5 2. d4 cxd4 3. c3 dxc3 4. Nxc3 Nc6 5. Nf3 d6 6. Bc4 e6 7. Bf4 Be7 8. Qe2 e5 9. Be3 Nf6 10. 0-0 0-0 11. Rfd1 Be6 12. Bxe6 fxe6 13. b4 a6 14. b5 axb5 15. Qxb5 Qd7 16. Rab1 Ra3 17. Qd3 d5 18. Bc1 Ra5 19. Ng5 Nd4 20. Qh3 h6 21. Nf3 Nxe4 22. Nxe4 dxe4 23. Bxh6 exf3 24. Qg4 Bf6 25. gxf3 Rxa2 26. f4 Qc6 27. fxe5 Ne2+ 0-1

[Event "Bay Area op"]
[Site "Santa Clara"]
[Date "2014.01.02"]
[Round "1"]
[White "Manvelyan, Hayk"]
[Black "Molner, Mackenzie"]
[Result "0-1"]
[WhiteElo "2282"]
[BlackElo "2525"]
[PlyCount "104"]
[EventDate "2014.01.02"]
[EventType "swiss"]
[EventRounds "9"]
[EventCountry "USA"]
[SourceTitle "CBM 158 Extra"]
[Source "ChessBase"]
[SourceDate "2014.02.28"]
[SourceVersion "1"]
[SourceVersionDate "2014.02.28"]
[SourceQuality "1"]

1. d4 Nf6 2. c4 g6 3. Nc3 d5 4. Nf3 Bg7 5. e3 0-0 6. Bd2 c5 7. dxc5 Na6 8. cxd5 Nxc5 9. Bc4 a6 10. b4 Nce4 11. Rc1 b5 12. Bb3 Bb7 13. 0-0 Qd6 14. Nxe4 Nxe4 15. Qc2 Bxd5 16. Rfd1 Bxb3 17. Qxb3 Rac8 18. Rxc8 Rxc8 19. Bc3 Qc6 20. Bxg7 Kxg7 21. Nd4 Qc4 22. h3 Qxb3 23. axb3 Rc3 24. Ra1 e5 25. Nf3 f6 26. Rxa6 Rxb3 27. Ra7+ Kg8 28. Ra8+ Kf7 29. Ra7+ Ke6 30. Rxh7 Rb1+ 31. Kh2 Nxf2 32. Rh6 Rh1+ 33. Kg3 Ne4+ 34. Kh4 g5+ 35. Kh5 Rb1 36. Kg6 Rxb4 37. Rh8 Rb2 38. h4 gxh4 39. Nxh4 b4 40. Rb8 b3 41. Rb5 Nc3 42. Rb6+ Kd5 43. g4 Kc5 44. Rb8 Nb5 45. Rc8+ Kb4 46. Rc1 Nc3 47. Kxf6 Rc2 48. Rg1 b2 49. g5 Rc1 50. Rg4+ Kc5 51. g6 b1Q 52. g7 Rf1+ 0-1

[Event "San Francisco Neil Falconer op"]
[Site "San Francisco"]
[Date "2013.09.17"]
[Round "7"]
[White "Manvelyan, Hayk"]
[Black "Rich, Albert J"]
[Result "1-0"]
[WhiteElo "2340"]
[BlackElo "2204"]
[PlyCount "47"]
[EventDate "2013.08.06"]
[EventType "swiss"]
[EventRounds "9"]
[EventCountry "USA"]
[SourceTitle "EXT 2016"]
[Source "ChessBase"]
[SourceDate "2015.10.08"]
[SourceVersion "1"]
[SourceVersionDate "2015.10.08"]
[SourceQuality "1"]

1. d4 d5 2. c4 e6 3. Nf3 c5 4. cxd5 exd5 5. e3 Nc6 6. Nc3 Nf6 7. Be2 a6 8. 0-0 Bd6 9. dxc5 Bxc5 10. a3 0-0 11. b4 Ba7 12. Bb2 d4 13. exd4 Nxd4 14. Nxd4 Bxd4 15. Bf3 Ra7 16. Qd2 Ng4 17. Rad1 Bf6 18. Qe2 Qc7 19. Bxg4 Bxc3 20. Rc1 Bxg4 21. Qxg4 h5 22. Qxh5 Qe5 23. Qxe5 Bxe5 24. Bxe5 1-0

[Event "San Francisco Neil Falconer op"]
[Site "San Francisco"]
[Date "2013.09.03"]
[Round "5"]
[White "Manvelyan, Hayk"]
[Black "Tsodikova, Natalia"]
[Result "1-0"]
[WhiteElo "2340"]
[BlackElo "2234"]
[PlyCount "59"]
[EventDate "2013.08.06"]
[EventType "swiss"]
[EventRounds "9"]
[EventCountry "USA"]
[SourceTitle "EXT 2016"]
[Source "ChessBase"]
[SourceDate "2015.10.08"]
[SourceVersion "1"]
[SourceVersionDate "2015.10.08"]
[SourceQuality "1"]

1. d4 Nf6 2. c4 g6 3. Nc3 Bg7 4. e4 d6 5. f3 0-0 6. Be3 c5 7. dxc5 dxc5 8. Bxc5 Nc6 9. Nge2 Qa5 10. Be3 Rd8 11. Qb3 Rd3 12. Bd2 Be6 13. 0-0-0 Ne5 14. Nd5 Qc5 15. Nec3 Rxd2 16. Kxd2 Rc8 17. Kc1 Bxd5 18. cxd5 Nfd7 19. Kb1 Nb6 20. Bd3 Nbc4 21. Bxc4 Nxc4 22. Rd3 b6 23. Rhd1 Ne5 24. Na4 Qa5 25. Rc3 Rd8 26. Rc2 b5 27. Nc5 Qb6 28. Nd3 Nc4 29. Nb4 Rd7 30. Rdc1 1-0

[Event "San Francisco Neil Falconer op"]
[Site "San Francisco"]
[Date "2013.08.13"]
[Round "2"]
[White "Manvelyan, Hayk"]
[Black "Uzzaman, Ashik"]
[Result "1-0"]
[WhiteElo "2340"]
[BlackElo "1908"]
[PlyCount "51"]
[EventDate "2013.08.06"]
[EventType "swiss"]
[EventRounds "9"]
[EventCountry "USA"]
[SourceTitle "EXT 2016"]
[Source "ChessBase"]
[SourceDate "2015.10.08"]
[SourceVersion "1"]
[SourceVersionDate "2015.10.08"]
[SourceQuality "1"]

1. f4 d5 2. Nf3 Nf6 3. e3 c5 4. Be2 Nc6 5. b3 Bg4 6. Bb2 e6 7. 0-0 Bd6 8. d3 0-0 9. Nbd2 Rc8 10. Ne5 Bxe5 11. fxe5 Bxe2 12. Qxe2 Nd7 13. Nf3 Qc7 14. d4 f6 15. exf6 Nxf6 16. dxc5 Ne4 17. Nd4 Rxf1+ 18. Rxf1 Nxc5 19. Qg4 Ne5 20. Qh5 g6 21. Qh3 Re8 22. b4 Nc4 23. Ba1 Na6 24. Qh6 Nxb4 25. Nxe6 Qe7 26. Rf6 1-0

[Event "San Francisco TNM Summer op"]
[Site "San Francisco"]
[Date "2013.06.25"]
[Round "5"]
[White "Ivanov, Aleksandr Y"]
[Black "Manvelyan, Hayk"]
[Result "0-1"]
[WhiteElo "2078"]
[BlackElo "2293"]
[PlyCount "54"]
[EventDate "2013.05.28"]
[EventType "swiss"]
[EventRounds "8"]
[EventCountry "USA"]
[SourceTitle "EXT 2016"]
[Source "ChessBase"]
[SourceDate "2015.10.08"]
[SourceVersion "1"]
[SourceVersionDate "2015.10.08"]
[SourceQuality "1"]

1. d4 Nf6 2. c4 d6 3. g3 Nbd7 4. Bg2 c6 5. Nf3 e5 6. dxe5 dxe5 7. Nc3 Be7 8. 0-0 0-0 9. Qc2 Qc7 10. b3 Re8 11. Bb2 Bf8 12. e3 a5 13. a3 Nb6 14. Ne4 Nxe4 15. Qxe4 f6 16. Nh4 Be6 17. Rac1 Nd7 18. Qc2 Nc5 19. Rfd1 Qb6 20. Rd3 Nxd3 21. Qxd3 Rad8 22. Qc3 Rd7 23. Be4 g6 24. Kg2 Bg7 25. Bb1 e4 26. Kg1 Red8 27. Bc2 f5 0-1

[Event "San Francisco TNM Summer op"]
[Site "San Francisco"]
[Date "2013.06.04"]
[Round "2"]
[White "Krasnov, Steven Lender"]
[Black "Manvelyan, Hayk"]
[Result "0-1"]
[WhiteElo "1955"]
[BlackElo "2293"]
[PlyCount "38"]
[EventDate "2013.05.28"]
[EventType "swiss"]
[EventRounds "8"]
[EventCountry "USA"]
[SourceTitle "EXT 2016"]
[Source "ChessBase"]
[SourceDate "2015.10.08"]
[SourceVersion "1"]
[SourceVersionDate "2015.10.08"]
[SourceQuality "1"]

1. d4 g6 2. Nf3 Bg7 3. g3 f5 4. c4 Nf6 5. Nc3 0-0 6. Bg2 d6 7. 0-0 Qe8 8. e4 fxe4 9. Ng5 Bg4 10. Qb3 Nc6 11. Be3 h6 12. Ngxe4 Nxe4 13. Nxe4 Nxd4 14. Qxb7 Nf3+ 15. Kh1 c5 16. h3 Bd7 17. Nxd6 exd6 18. Bxf3 Rxf3 19. Qxf3 Bc6 0-1

[Event "Northern California op"]
[Site "Fremont"]
[Date "2012.01.05"]
[Round "6"]
[White "Manvelyan, Hayk"]
[Black "Inumerable, Florentino"]
[Result "1-0"]
[WhiteElo "2202"]
[BlackElo "2154"]
[PlyCount "83"]
[EventDate "2012.01.02"]
[EventType "swiss"]
[EventRounds "9"]
[EventCountry "USA"]
[SourceTitle "CBM 146 Extra"]
[Source "ChessBase"]
[SourceDate "2012.02.29"]
[SourceVersion "1"]
[SourceVersionDate "2012.02.29"]
[SourceQuality "1"]

1. d4 g6 2. c4 Bg7 3. Nc3 c5 4. d5 d6 5. Nf3 Nf6 6. e4 e5 7. h3 a6 8. Be3 0-0 9. g4 b5 10. cxb5 axb5 11. Bxb5 Qa5 12. Nd2 Na6 13. 0-0 Qd8 14. f3 Ne8 15. Nc4 f5 16. Bc6 Rb8 17. Nb5 Nac7 18. a4 f4 19. Bf2 Ba6 20. Nca3 Bf6 21. Qe1 h5 22. Qa5 Bxb5 23. axb5 hxg4 24. hxg4 Bh4 25. Qe1 Bxf2+ 26. Qxf2 Qg5 27. Qe2 Kg7 28. Rf2 Rh8 29. Rh2 Nf6 30. b6 Rxb6 31. Rxh8 Kxh8 32. Nc4 Rb3 33. Nxd6 Qh4 34. Qh2 Qxh2+ 35. Kxh2 Rxf3 36. Nf7+ Kg7 37. Nxe5 Rf2+ 38. Kg1 Rxb2 39. Ra7 Nfe8 40. Bxe8 Kf8 41. Rxc7 Kxe8 42. d6 1-0

[Event "San Francisco TNM Litowsky op"]
[Site "San Francisco"]
[Date "2011.09.27"]
[Round "9"]
[White "Traub, Igor Vladimirovich"]
[Black "Manvelyan, Hayk"]
[Result "0-1"]
[WhiteElo "2119"]
[BlackElo "2193"]
[PlyCount "104"]
[EventDate "2011.08.02"]
[EventType "swiss"]
[EventRounds "9"]
[EventCountry "USA"]
[SourceTitle "EXT 2016"]
[Source "ChessBase"]
[SourceDate "2015.10.08"]
[SourceVersion "1"]
[SourceVersionDate "2015.10.08"]
[SourceQuality "1"]

1. d4 Nf6 2. c4 d6 3. Nc3 Nbd7 4. e4 e5 5. Nf3 c6 6. Bd3 Be7 7. 0-0 0-0 8. b4 exd4 9. Nxd4 Ne5 10. Be2 d5 11. cxd5 Bxb4 12. Qb3 Bxc3 13. Qxc3 cxd5 14. Nb5 Nc6 15. exd5 Nxd5 16. Qg3 Be6 17. Bb2 f6 18. Rfd1 Rf7 19. Bc4 Rd7 20. Nc3 Kh8 21. Ne4 b6 22. Bb5 Rc7 23. Rac1 Na5 24. Nc3 Qg8 25. Ne4 Rxc1 26. Rxc1 Rd8 27. h4 Qf7 28. Nd6 Qg6 29. Qh2 h5 30. Re1 Bg8 31. Be8 Qg4 32. Nf7+ Bxf7 33. Bxf7 Qb4 34. Rd1 Qxb2 35. Qg3 Qe5 36. Qf3 Nc6 37. Rxd5 Rxd5 38. Bxd5 Nd4 39. Qe4 Qxe4 40. Bxe4 f5 41. Bd3 g6 42. f4 Ne6 43. g3 Nc5 44. Bc2 Kg7 45. Kf2 Kf6 46. Ke3 Ke6 47. Kd4 Kd6 48. Bb1 b5 49. Bc2 a5 50. Bb1 Ne6+ 51. Ke3 Kc5 52. a3 Nc7 0-1

[Event "San Francisco TNM Litowsky op"]
[Site "San Francisco"]
[Date "2011.08.09"]
[Round "2"]
[White "Curto, Wayne"]
[Black "Manvelyan, Hayk"]
[Result "0-1"]
[WhiteElo "1905"]
[BlackElo "2193"]
[PlyCount "96"]
[EventDate "2011.08.02"]
[EventType "swiss"]
[EventRounds "9"]
[EventCountry "USA"]
[SourceTitle "EXT 2016"]
[Source "ChessBase"]
[SourceDate "2015.10.08"]
[SourceVersion "1"]
[SourceVersionDate "2015.10.08"]
[SourceQuality "1"]

1. d4 Nf6 2. Nf3 g6 3. Bf4 Bg7 4. e3 0-0 5. Be2 d6 6. 0-0 Nbd7 7. Nbd2 c5 8. c3 b6 9. h3 Bb7 10. Qc2 Re8 11. Rad1 a6 12. Bh2 b5 13. Rfe1 Qb6 14. Qb1 Rad8 15. b4 c4 16. a4 e5 17. axb5 axb5 18. Ng5 e4 19. h4 d5 20. Qc2 Qc6 21. Ra1 Nb6 22. Bd1 Ra8 23. Be2 Na4 24. Reb1 Bc8 25. Be5 h6 26. Nh3 Bxh3 27. gxh3 Nd7 28. Bxg7 Kxg7 29. h5 g5 30. Nf1 f5 31. Ng3 Rf8 32. Bd1 f4 33. Nh1 Ra6 34. Qd2 Qa8 35. Bg4 Nf6 36. Bd1 Ng8 37. Bg4 Ne7 38. Rf1 f3 39. Ng3 Qa7 40. Ra3 Nb6 41. Rxa6 Qxa6 42. Qb2 Ra8 43. Rb1 Qa2 44. Nf5+ Nxf5 45. Bxf5 Qxb2 46. Rxb2 Ra3 47. Kh2 Na4 48. Kg3 Nxb2 0-1

[Event "San Francisco TNM Winter op"]
[Site "San Francisco"]
[Date "2011.02.22"]
[Round "8"]
[White "Krasnov, Steven Lender"]
[Black "Manvelyan, Hayk"]
[Result "0-1"]
[WhiteElo "1964"]
[BlackElo "2164"]
[PlyCount "70"]
[EventDate "2011.01.04"]
[EventType "swiss"]
[EventRounds "8"]
[EventCountry "USA"]
[SourceTitle "EXT 2012"]
[Source "ChessBase"]
[SourceDate "2011.11.24"]
[SourceVersion "1"]
[SourceVersionDate "2011.11.24"]
[SourceQuality "1"]

1. d4 e6 2. c4 f5 3. g3 Nf6 4. Bg2 d5 5. Nd2 c6 6. Qc2 Bd6 7. Nh3 0-0 8. 0-0 Qe7 9. b3 Nbd7 10. Bb2 Ne4 11. f3 Nxd2 12. Qxd2 Nf6 13. Nf2 dxc4 14. bxc4 e5 15. Nd3 e4 16. Ne5 c5 17. e3 Be6 18. Rac1 Rad8 19. Qc2 exf3 20. Bxf3 Bxe5 21. dxe5 Ne4 22. Bxe4 fxe4 23. Qxe4 Rxf1+ 24. Rxf1 Bh3 25. Rb1 Be6 26. Bc3 b6 27. a4 Qd7 28. Ra1 h6 29. a5 b5 30. cxb5 Qxb5 31. Qg6 Qc4 32. Rc1 Rb8 33. Qh5 Qe4 34. a6 Bd5 35. Kf2 Rf8+ 0-1

[Event "Berkeley op"]
[Site "Berkeley"]
[Date "2011.01.08"]
[Round "10"]
[White "Hills, Kenneth"]
[Black "Manvelyan, Hayk"]
[Result "0-1"]
[WhiteElo "2161"]
[BlackElo "2158"]
[PlyCount "74"]
[EventDate "2011.01.02"]
[EventType "swiss"]
[EventRounds "10"]
[EventCountry "USA"]
[SourceTitle "CBM 140 Extra"]
[Source "ChessBase"]
[SourceDate "2011.03.01"]
[SourceVersion "1"]
[SourceVersionDate "2011.03.01"]
[SourceQuality "1"]

1. d4 Nf6 2. c4 e6 3. g3 d5 4. Bg2 c6 5. Nd2 Nbd7 6. Ngf3 Be7 7. 0-0 0-0 8. Qc2 b6 9. h4 Bb7 10. e4 dxe4 11. Ng5 c5 12. Ngxe4 Nxe4 13. Nxe4 f5 14. Ng5 Bxg2 15. Kxg2 Bxg5 16. Bxg5 Qe8 17. d5 exd5 18. Rae1 Qg6 19. cxd5 Nf6 20. Re6 h6 21. Bxf6 Rxf6 22. Rfe1 Raf8 23. R1e5 Rxe6 24. dxe6 Qf6 25. f4 Qe7 26. Qc4 g6 27. Qe2 h5 28. Qc4 Rd8 29. Kf2 Rd4 30. Qb5 Kg7 31. Qc6 Rd2+ 32. Ke3 Qd8 33. Qb7+ Kh6 34. Rd5 Rxd5 35. e7 Rd3+ 36. Kf2 Rd2+ 37. Ke1 Rd1+ 0-1

[Event "Berkeley op"]
[Site "Berkeley"]
[Date "2011.01.02"]
[Round "2"]
[White "Pruess, David"]
[Black "Manvelyan, Hayk"]
[Result "0-1"]
[WhiteElo "2377"]
[BlackElo "2158"]
[PlyCount "98"]
[EventDate "2011.01.02"]
[EventType "swiss"]
[EventRounds "10"]
[EventCountry "USA"]
[SourceTitle "CBM 140 Extra"]
[Source "ChessBase"]
[SourceDate "2011.03.01"]
[SourceVersion "1"]
[SourceVersionDate "2011.03.01"]
[SourceQuality "1"]

1. e4 e6 2. d4 d5 3. Nc3 Bb4 4. a3 Bxc3+ 5. bxc3 Ne7 6. Bd3 c5 7. Nf3 c4 8. Be2 0-0 9. 0-0 Nbc6 10. Re1 Bd7 11. Bf1 b5 12. Bf4 dxe4 13. Rxe4 Nd5 14. Qd2 Nxf4 15. Qxf4 Ne7 16. Ne5 Nd5 17. Qg3 Be8 18. Rg4 g6 19. Re1 Qa5 20. Qh3 Kg7 21. Rg3 Qxa3 22. Ng4 h5 23. Ne3 Nxe3 24. Rexe3 Rh8 25. Qh4 Qd6 26. Rgf3 Qd8 27. Qf4 a5 28. Qe5+ Kg8 29. g3 a4 30. Re1 a3 31. Rfe3 a2 32. Ra1 Bc6 33. Bg2 Qd7 34. Qc5 Bxg2 35. Kxg2 Kh7 36. Re5 Rhb8 37. Qb4 Ra4 38. Qb2 Qc6+ 39. f3 Qa6 40. d5 exd5 41. Rxd5 Qc6 42. Re5 Rd8 43. Re2 Qa6 44. Qc1 Rd5 45. Re8 Qd6 46. Re2 Ra3 47. Qe3 Rd1 48. Re1 Qd2+ 49. Qf2 Qxe1 0-1